000 00436nam a2200193Ia 4500
003 GCL
008 140319s9999 xx 000 0 eng d
040 _aGCL /
_cGCL
082 0 4 _a270
_bR J
100 1 _aROUX, JEAN-PAUL
245 1 0 _aJESUS /
_cROUX, JEAN-PAUL
260 _a[S.N] :
_bFAYARD ،
_c1989
300 _a527
650 0 4 _aRELIGION
650 0 4 _aCHURCHES
650 0 4 _aCHRISTIAN
650 0 4 _aJESUS
942 _2ddc
_cBK
999 _c25436
_d25436